[Event "Valdepenas U1600 1st op"]
[Site "Valdepenas"]
[Date "2019.07.27"]
[Round "3.3"]
[White "Carrillo Castillo, Jose Luis"]
[Black "Rubio Garcia, Antonio Ramon"]
[Result "0-1"]
[WhiteElo "1364"]
[BlackElo "1555"]
[PlyCount "102"]
[EventDate "2019.07.27"]
[EventType "swiss (rapid)"]
[EventRounds "7"]
[EventCountry "ESP"]
[SourceTitle "EXT 2024"]
[Source "ChessBase"]
[SourceDate "2023.10.10"]
[SourceVersion "1"]
[SourceVersionDate "2023.10.10"]
[SourceQuality "1"]

1. d4 Nf6 2. c4 e5 3. dxe5 Ng4 4. Bf4 Nc6 5. Nf3 Bb4+ 6. Nbd2 Qe7 7. a3 Ngxe5 8. Nxe5 Nxe5 9. Bxe5 Bxd2+ 10. Qxd2 Qxe5 11. 0-0-0 0-0 12. e3 d6 13. Be2 a6 14. g4 b5 15. Qd5 Qxd5 16. cxd5 Re8 17. h4 Re4 18. g5 Bf5 19. Bd3 Re5 20. f3 Rxd5 21. e4 Rc5+ 22. Kb1 Be6 23. Bc2 a5 24. h5 Rxg5 25. f4 Rg2 26. f5 Ba2+ 27. Kc1 a4 28. e5 Rxc2+ 29. Kxc2 Bb3+ 30. Kc3 Bxd1 31. Rxd1 dxe5 32. Rd5 f6 33. Rxb5 Kf7 34. Rb7 Rc8 35. b3 axb3 36. Kxb3 Ke7 37. Kc4 Kd6 38. a4 Kc6 39. Rb5 Rd8 40. Rc5+ Kb6 41. a5+ Kb7 42. Kb5 Rd5 43. Rxd5 c6+ 44. Kc5 cxd5 45. Kxd5 Ka6 46. h6 gxh6 47. Ke6 e4 48. Kxf6 e3 49. Kg7 e2 50. f6 e1Q 51. f7 Qf2 0-1